02050nam a2200241 i 45000010009000000050017000090080041000260100017000670200018000840200018001020400023001200420008001430500025001511000032001762450160002082500020003682640034003883000040004225050501004625200696009636500015016598560134016742322487720250603074859.0230712s2019 nju 000 0 eng  a 2023394376 a9781119504306 a9781119503408 aDLCbengerdacDLC apcc00aHF5635b.W52423 2019 aWeygandt, Jerry J.eauthor.10aFinancial accounting with international financial reporting standards c/ Jerry J. Weygandt, PhD, CPA, Paul D. Kimmel, PhD, CPA, Donald E. Kieso, PhD, CPA. aFourth edition. 1aHoboken, NJ :bWiley,c[2019] a1 volume (various pagings) ;c28 cm aAccounting in action — The recording process — Adjusting the accounts — Completing the accounting cycle — Accounting for merchandise operations — Inventories — Fraud, internal control, and cash — Accounting for receivables — Plant assets, natural resources, and intangible assets — Current liabilities — Non-Current liabilities — Corporations: organization, share transactions, and equity — Investments — Statements of cash flows — Financial analysis: the big picture. aThe use of International Financial Reporting Standards is growing rapidly, both outside of the United States and within, especially as IFRS incorporates more US GAAP rules. In the newly updated fifth edition of Financial Accounting with International Financial Reporting Standards, a team of accomplished financial practitioners and educators delivers the newest version of their highly anticipated text. This important work offers practical end-of-chapter exercises and practice problems complete with foreign currency examples, as well as an emphasis on non-US companies and examples. It is perfect for accounting students seeking exposure to internationally utilized accounting standards. 0aAccounting uhttps://archive.org/details/financial-accounting-with-international-financial-reporting-standards/page/n1/mode/2upyPdf available